| 000 | 00924cam a22001814a 4500 | ||
|---|---|---|---|
| 005 | 20250605164344.0 | ||
| 008 | 250528s ||||||||||||||||||||||||d | ||
| 035 | _a23775 | ||
| 040 |
_aGR-AtMCL _bgre _dGR-AtMCL _eAACR2 |
||
| 245 | 1 | _aAnalysis of IP rotocols with Security Mechanism (IPsec), Treats and Solutions | |
| 260 | _c2016 | ||
| 300 | _a44 | ||
| 520 | _aIntroduction, IPv4, IPv4 Address, IPv4 Classes, IPv4 Packet Structure, IPv6, IPv6 Addresses, IPv6 Addresses Modes, IPv6 Packet Structure, IPsec, IPsec Overview, Unauthorized Access, Header Manipulation and Fragmentation, Layer 3 and Layer 4 Spoofing, ARP and DHCP Attacks, Broadcast Amplification Attacks (Smuf), Routing Attacks, Viruses and Worms, Translation and Transition and Tunneling Mechanisms, Similar Attacks, Conclusion, References, Tables, Figures. | ||
| 700 | 1 |
_aMiltiadis Atzemis _99308 |
|
| 942 | _cDS | ||
| 999 |
_c8712 _d8712 |
||